Culture Générale - Série 2658 - Statistiques

Statistiques générales
  • Ce quiz a été pris 82 fois
  • Le résultat moyen est 3 sur 10
Statistiques - réponses
Question Réponse % Correct
Qui a créé le personnage de Pantagruel ? Rabelais
73%
Comment s'appelle le cheval de Zorro ? Tornado
59%
Quelle est la capitale de l'Érythrée ? Asmara
42%
Célèbre bagnard - incarné à la TV par Bernard Noël, puis Claude Brasseur - est devenu policier (1775-1857) ? Vidocq
31%
Dans la Bible quel prophète fut jeté dans la fosse aux lions.La fête de ce saint est le 11 décembre. Daniel
21%
L'un des plus célèbres contrebandiers de France, devenu brigand (1725-1755) Mandrin
15%
Comment s'appelle le pont en face de la Tour Eiffel ? Iena
11%
Comment s'appelle la planète de "La denrée" dans la soupe aux choux ? Oxo
10%
De quel roi Balamer était-il le cheval ? Attila
6%
Quel poisson d'eau douce peut être "fario" ? fario
0%
Aucun quiz correspondant
Distribution des résultats
% des personnes avec chaque résultat
Percentile par nombre de réponses
Votre historique - résultats
Vous n’avez pas pris ce quiz